| 000 | 00521nam a2200169 i 4500 | ||
|---|---|---|---|
| 001 | 42265 | ||
| 003 | ES-MaACL | ||
| 005 | 20230906160558.0 | ||
| 007 | t| | ||
| 008 | 030313s1950 sp ||||1| spa d | ||
| 100 | 1 |
_aCastillo, Luis. _936705 |
|
| 245 | 1 | 3 |
_aEl yo y la creación artística / _cLuis Castillo. |
| 260 |
_aMadrid : _b[s.n.], _c1950. |
||
| 300 |
_a10 h. ; _c24 cm. |
||
| 500 | _aEs separata de: Revista de Ideas Estéticas, octubre-diciembre, n. 32, pág. 420-437. | ||
| 852 |
_aES-MaACL _j1908-F-25 _bR.31001 |
||
| 999 |
_c42265 _d42265 |
||